[Event "Let's Play Chess!"]
[Site "http://www.queenalice.com/game.php?id=872748"]
[Date "2010.12.16"]
[Round "-"]
[White "Brisbrain"]
[Black "sylviodh"]
[Result "1-0"]
[WhiteElo "1500"]
[BlackElo "1069"]

1. c4 c6 2. Nf3 f6 3. d4 a5 4. Nc3 a4 5. Nxa4 Nh6 6. Nc3 Na6 7. Bxh6 gxh6 8. e4
d6 9. Be2 e6 10. O-O d5 11. cxd5 cxd5 12. exd5 exd5 13. Qb3 Bd7 14. Qxb7 Rg8 15.
Bxa6 Rxa6 16. Qxa6 Rg7 17. Nxd5 Bc8 18. Qxf6 Rf7 19. Rfe1+ Be7 20. Qh8+ Rf8 21.
Qxh7 Qxd5 22. Qxe7# 1-0

[Event "Let's Play Chess!"]
[Site "http://www.queenalice.com/game.php?id=872760"]
[Date "2010.12.16"]
[Round "-"]
[White "Brisbrain"]
[Black "jeffcom2f"]
[Result "1/2-1/2"]
[WhiteElo "1457"]
[BlackElo "1918"]

1. c4 d5 2. cxd5 Nf6 3. Nc3 Nxd5 4. Nf3 e6 5. e4 Nxc3 6. bxc3 Bd7 7. d4 Be7 8.
Bf4 c6 9. Bd3 Qa5 10. Qb3 b5 11. Bd2 Bc8 12. Qc2 Nd7 13. O-O Qa4 14. Qxa4 bxa4
15. Bc2 Ba6 16. Rfe1 Nb6 17. Ne5 Rc8 18. Nd3 c5 19. d5 c4 20. Nb4 Bb5 21. dxe6
fxe6 22. a3 Nd7 23. Be3 a6 24. Rab1 Ne5 25. Bd4 Bf6 26. Rbd1 O-O 27. Bxe5 Bxe5
28. Na2 Rc7 29. Rd2 g5 30. Red1 Kf7 31. Re2 g4 32. Re3 Rd7 33. Rxd7+ Bxd7 34.
Nc1 Bf4 35. Re1 Be5 36. Na2 Rb8 37. Rd1 Ke7 38. g3 Rf8 39. Rc1 h5 40. Bd1 Rb8
41. Nb4 a5 42. Na6 Rc8 43. Rb1 Bxc3 44. Rb7 Kd6 45. Nb8 Be8 46. Na6 Bd4 47. Bc2
Kc6 48. Re7 Kd6 49. Rb7 c3 50. Kf1 Bg6 51. Ke2 Bxe4 52. Bxe4 c2 53. Bxc2 Rxc2+
54. Kd3 Rxf2 55. Kxd4 Rxh2 56. Rb6+ Ke7 57. Nc5 Rf2 58. Rxe6+ Kd8 59. Kd5 Rf3
60. Kc6 Rc3 61. Rh6 Ke7 62. Rxh5 Rxg3 63. Re5+ Kf7 64. Kd6 Rxa3 65. Rf5+ Kg6 66.
Ke5 Rf3 67. Rf4 Rxf4 68. Kxf4 a3 69. Nb3 a4 70. Nc1 Kf6 71. Kxg4 Ke5 72. Kf3 Kd4
73. Ke2 Kc3 74. Na2+ Kb2 75. Kd2 Kxa2 76. Kc2 1/2-1/2

[Event "Let's Play Chess!"]
[Site "http://www.queenalice.com/game.php?id=872790"]
[Date "2010.12.16"]
[Round "-"]
[White "Brisbrain"]
[Black "holly2106"]
[Result "0-1"]
[WhiteElo "1500"]
[BlackElo "1771"]

1. d4 e5 2. dxe5 Nc6 3. Nf3 Qe7 4. Qd5 f6 5. exf6 Nxf6 6. Qb3 d5 7. e3 Bd7 8.
Qxb7 Rb8 9. Qa6 Qc5 10. Qd3 Nb4 11. Qc3 Nxc2+ 12. Kd2 Ne4+ 0-1

[Event "Challenge"]
[Site "http://www.queenalice.com/game.php?id=873885"]
[Date "2010.12.19"]
[Round "-"]
[White "alexcesarfe"]
[Black "Brisbrain"]
[Result "0-1"]
[WhiteElo "1599"]
[BlackElo "1577"]

1. e4 e6 2. a3 d5 3. e5 c5 4. Bb5+ Bd7 5. Bxd7+ Nxd7 6. Nf3 f6 7. exf6 Ngxf6 8.
O-O Bd6 9. Qe1 Qe7 10. d3 O-O 11. Bg5 Qf7 12. Bxf6 Qxf6 13. Nc3 Qh6 14. h3 Qg6
15. Qe3 d4 16. Qe1 dxc3 17. bxc3 Rxf3 18. Qe2 Rxh3 19. g3 Bxg3 20. fxg3 Qxg3+
21. Qg2 Qe3+ 22. Rf2 Rg3 23. Re1 Rxg2+ 24. Kxg2 Qxe1 25. Kg3 Qxc3 26. Re2 Qf6
27. Re3 Qg5+ 28. Kf2 Rf8+ 29. Ke2 Qg2+ 30. Kd1 Rf1+ 31. Re1 Ne5 32. Rxf1 Qxf1+
33. Kd2 Nf3+ 34. Kc3 Qa1+ 35. Kc4 Qxa3 36. c3 Qa4+ 37. Kxc5 Qc6+ 38. Kb4 b6 39.
c4 Qc5+ 40. Kc3 b5 41. Kb3 a5 42. cxb5 Qxb5+ 43. Kc3 a4 44. d4 Qb3# 0-1

[Event "Challenge"]
[Site "http://www.queenalice.com/game.php?id=873960"]
[Date "2010.12.19"]
[Round "-"]
[White "tortuga"]
[Black "Brisbrain"]
[Result "1-0"]
[WhiteElo "1642"]
[BlackElo "1540"]

1. e4 c5 2. Nf3 d6 3. d4 cxd4 4. Qxd4 e5 5. Qa4+ Bd7 6. Qb3 Qc7 7. Nc3 Nf6 8.
Bc4 Bc6 9. Ng5 h6 10. Nxf7 Rh7 11. f4 Nxe4 12. Nb5 Bxb5 13. Bxb5+ Nc6 14. Bc4
Na5 15. Qd3 Qxc4 16. fxe5 Qxd3 17. cxd3 Nc5 18. O-O g5 19. Nxd6+ Bxd6 20. exd6
Kd7 21. Rf6 Nxd3 22. Bd2 Nc4 23. Rf3 Ndxb2 24. Bc3 Na4 25. Bb4 Nxd6 26. Rd1 Rc8
27. Rxd6+ Kc7 28. Rfd3 Nb2 29. Bc3 Nc4 30. R6d4 Ne5 31. Re3 Nc6 32. Rc4 Kb8 33.
a4 Rf8 34. h3 Ne7 35. Be5+ Ka8 36. Bd6 Re8 37. Bxe7 b5 38. Rce4 bxa4 39. Ba3 Rf8
40. Re8+ Rxe8 41. Rxe8+ Kb7 42. Re4 Kb6 43. Rxa4 a6 44. Kf1 a5 45. Rg4 Kb5 46.
Ke2 Rf7 47. Kd2 Rd7+ 48. Kc3 Rc7+ 49. Kb3 a4+ 50. Rxa4 1-0

[Event "Challenge"]
[Site "http://www.queenalice.com/game.php?id=873976"]
[Date "2010.12.19"]
[Round "-"]
[White "roidechecs"]
[Black "Brisbrain"]
[Result "0-1"]
[WhiteElo "1468"]
[BlackElo "1491"]

1. e4 c6 2. Nf3 d5 3. d3 dxe4 4. dxe4 Qxd1+ 5. Kxd1 Bg4 6. Be2 Nd7 7. Nc3 O-O-O
8. h3 Bh5 9. g4 Bg6 10. Be3 Ndf6+ 11. Bd3 Nxe4 12. Nxe4 Bxe4 13. Ke2 Bxd3+ 14.
cxd3 e6 15. b4 a6 16. a3 Nf6 17. Ne5 Re8 18. Rab1 h6 19. Bc5 Nd5 20. Bxf8 Nc3+
21. Ke3 Nxb1 22. Rxb1 Rexf8 23. a4 h5 24. gxh5 Rxh5 25. d4 Rxh3+ 26. f3 Kc7 27.
b5 cxb5 28. axb5 a5 29. b6+ Kd6 30. Ke4 f6 31. Nc4+ Kc6 32. Nxa5+ Kd7 33. Nxb7
f5+ 34. Kf4 Rb8 35. Nc5+ Kc6 36. Nxe6 Rxb6 37. Rc1+ Kb7 38. Nxg7 Rb4 39. Nxf5
Rh8 40. Rd1 Rf8 41. Rh1 Rxd4+ 42. Kg5 Rg8+ 43. Kf6 Rf4 44. Ke5 Rxf3 45. Rh7+ Kb6
46. Ke4 Rf1 47. Ke5 Rg5 48. Rf7 Rgg1 49. Rd7 Re1+ 50. Kf6 Kc6 51. Rd6+ Kc5 52.
Rd2 Rgf1 53. Kg6 Re6+ 54. Kg5 Re5 55. Rc2+ Kd5 56. Rd2+ Kc5 57. Rc2+ Kb4 58.
Rb2+ Kc3 59. Rb7 Rfxf5+ 60. Kg4 Kd3 61. Kg3 Rg5+ 62. Kf4 Ref5# 0-1

[Event "TAPA NA CARA V"]
[Site "http://www.queenalice.com/game.php?id=873996"]
[Date "2010.12.19"]
[Round "-"]
[White "perucona"]
[Black "Brisbrain"]
[Result "0-1"]
[WhiteElo "1290"]
[BlackElo "1676"]

1. e4 e5 2. d4 exd4 3. Qxd4 Nc6 4. Qd5 Nf6 5. Qd3 Bc5 6. Be3 Bxe3 7. Qxe3 O-O 8.
Nc3 d6 9. Nf3 Re8 10. O-O-O Bg4 11. h3 Bh5 12. Bb5 a6 13. Bxc6 bxc6 14. Rde1 Qe7
15. e5 Bxf3 16. Qxf3 dxe5 17. Qe2 Nd5 18. Nxd5 cxd5 19. h4 a5 20. c3 Rab8 21.
Qe3 e4 22. Re2 c6 23. Rg1 Qxh4 24. g3 Qg4 25. f3 Qxf3 26. Qxf3 exf3 27. Rf2 Re2
0-1

[Event "DESASTRES AEREOS"]
[Site "http://www.queenalice.com/game.php?id=873999"]
[Date "2010.12.19"]
[Round "-"]
[White "rogeriooliveira"]
[Black "Brisbrain"]
[Result "0-1"]
[WhiteElo "1472"]
[BlackElo "1679"]

1. e4 c6 2. d4 d5 3. e5 Bf5 4. Bd3 Bxd3 5. cxd3 e6 6. Nf3 c5 7. dxc5 Bxc5 8. O-O
Ne7 9. Bg5 O-O 10. Bxe7 Qxe7 11. Nc3 Nc6 12. Re1 f6 13. Na4 fxe5 14. Nxe5 Bd6
15. Nxc6 bxc6 16. Qg4 Rae8 17. Nc3 Qf6 18. f3 Bb4 19. Re3 Bxc3 20. bxc3 Qxc3 21.
Rae1 Qf6 22. f4 Qxf4 23. Qxf4 Rxf4 24. Rf1 Rxf1+ 25. Kxf1 Kf7 0-1

[Event "Challenge"]
[Site "http://www.queenalice.com/game.php?id=875636"]
[Date "2010.12.23"]
[Round "-"]
[White "Petrucio"]
[Black "Brisbrain"]
[Result "0-1"]
[WhiteElo "1474"]
[BlackElo "1457"]

1. Nf3 d5 2. Ng5 e5 3. d3 f6 4. Nf3 Bc5 5. Nc3 Ne7 6. h4 Be6 7. e4 dxe4 8. Be3
Bxe3 9. fxe3 exd3 10. cxd3 Nbc6 11. Ne4 Nf5 12. Nc5 Bc8 13. Kf2 b6 14. Ne4 Bb7
15. Qc2 Qd7 16. h5 O-O-O 17. Rc1 Nb4 18. Qb3 Nxd3+ 19. Bxd3 Qxd3 20. Qe6+ Qd7
21. Qc4 Nd6 22. Qb4 Nxe4+ 23. Ke2 Qd3+ 24. Ke1 Qxe3+ 25. Kf1 Ng3# 0-1

[Event "Chess Game"]
[Site "http://www.queenalice.com/game.php?id=884375"]
[Date "2011.1.11"]
[Round "-"]
[White "Brisbrain"]
[Black "spawnwolfwolverine"]
[Result "1/2-1/2"]
[WhiteElo "1676"]
[BlackElo "1630"]

1. d4 d5 2. c4 dxc4 3. e3 b5 4. a4 c6 5. axb5 cxb5 6. Qf3 Nc6 7. Qxc6+ Bd7 8.
Qf3 e6 9. Nc3 Bb4 10. Ne2 Bxc3+ 11. bxc3 Nf6 12. Ng3 O-O 13. Ne4 Bc6 14. Nxf6+
Qxf6 15. Qxc6 g6 16. Qxb5 Rfc8 17. Bxc4 Rab8 18. Qa6 Qe7 19. Bd2 e5 20. Be2 exd4
21. cxd4 f5 22. O-O Rc2 23. Rfd1 f4 24. Qxa7 Qxa7 25. Rxa7 fxe3 26. fxe3 h5 27.
Be1 Rxe2 28. Re7 Rbb2 29. d5 Rxg2+ 30. Kf1 Rxh2 31. Bf2 Rhxf2+ 32. Kg1 Rg2+ 33.
Kf1 Rbf2+ 34. Ke1 Re2+ 35. Kf1 Rgf2+ 36. Kg1 h4 37. d6 h3 38. d7 Rg2+ 39. Kf1
Ref2+ 1/2-1/2

[Event "Let's Play Chess!"]
[Site "http://www.queenalice.com/game.php?id=892320"]
[Date "2011.1.28"]
[Round "-"]
[White "elche"]
[Black "Brisbrain"]
[Result "0-1"]
[WhiteElo "1744"]
[BlackElo "1624"]

1. e4 c6 2. Nf3 d5 3. exd5 cxd5 4. Bb5+ Nc6 5. Nd4 Qb6 6. Bxc6+ bxc6 7. Nf3 g6
8. O-O Bg7 9. d4 e6 10. c3 Nf6 11. b4 O-O 12. Bg5 Ne4 13. Be7 Re8 14. Bc5 Nxc5
15. bxc5 Qb2 16. Nbd2 Qxc3 17. Nb3 Ba6 18. Re1 Bc4 19. Rc1 Qb4 20. Ne5 Bxe5 21.
dxe5 Rab8 22. Rb1 Qa3 23. Qc2 Qb4 24. Nd4 Qxc5 25. Rxb8 Rxb8 26. Nb3 Qb6 0-1

[Event "Challenge"]
[Site "http://www.queenalice.com/game.php?id=894224"]
[Date "2011.2.1"]
[Round "-"]
[White "Brisbrain"]
[Black "KROKUS"]
[Result "1-0"]
[WhiteElo "1671"]
[BlackElo "1513"]

1. c4 b6 2. Nc3 e6 3. e4 c5 4. Nf3 Nc6 5. d4 cxd4 6. Nxd4 Bb7 7. Be3 Qc7 8. Be2
Bb4 9. Qc2 Nxd4 10. Bxd4 e5 11. Be3 Nf6 12. f3 h6 13. O-O a6 14. Rac1 O-O 15.
Nd5 Nxd5 16. cxd5 Qxc2 17. Rxc2 b5 18. Rc7 Bc8 19. a3 Ba5 20. Rc2 d6 21. Rfc1
Bb7 22. f4 f6 23. f5 b4 24. axb4 Bxb4 25. Bd2 Bxd2 26. Rxd2 Rac8 27. Rdc2 Rxc2
28. Rxc2 Rc8 29. Rxc8+ Bxc8 30. Kf2 Kf8 31. Ke3 Ke7 32. b4 Kd8 33. Kd2 Kc7 34.
Kc3 Kb6 35. Kb3 Bd7 36. g4 1-0

[Event "Challenge"]
[Site "http://www.queenalice.com/game.php?id=897446"]
[Date "2011.2.7"]
[Round "-"]
[White "tucuman"]
[Black "Brisbrain"]
[Result "0-1"]
[WhiteElo "1580"]
[BlackElo "1656"]

1. e4 e5 2. c4 c5 3. d3 d6 4. h3 Nf6 5. Nc3 Be7 6. a3 Nc6 7. Nf3 Nd4 8. Nxd4
cxd4 9. Ne2 Bd7 10. Ng3 O-O 11. Be2 b5 12. b3 Rb8 13. Bd2 bxc4 14. bxc4 Qb6 15.
Bb4 a5 16. Bd2 Be6 17. a4 Nd7 18. O-O Nc5 19. Bg4 Bxg4 20. f3 Be6 21. Qe1 Nxd3
22. Qe2 Bxc4 23. Qd1 d5 24. exd5 Bxd5 25. Nf5 Qf6 26. Nxe7+ Qxe7 27. Bxa5 Nb2
28. Qe2 Rfc8 29. Rae1 f6 30. Bd2 Nxa4 31. Qf2 Nc5 32. f4 Nd3 33. Qg3 Nxe1 34.
Bxe1 e4 35. f5 d3 36. Bd2 Rb2 37. Kh2 Rxd2 38. h4 Qe5 39. Qxe5 fxe5 40. f6 e3
41. f7+ Bxf7 42. Kh3 Rf2 43. Rb1 e2 44. Kg3 Rf1 45. Rxf1 exf1=Q 46. Kh2 Qf4+ 47.
Kg1 Rc1# 0-1

[Event "Challenge"]
[Site "http://www.queenalice.com/game.php?id=901083"]
[Date "2011.2.15"]
[Round "-"]
[White "Pepe_chaves"]
[Black "Brisbrain"]
[Result "1-0"]
[WhiteElo "1626"]
[BlackElo "1692"]

1. e4 c6 2. d4 d5 3. e5 Bf5 4. Nf3 e6 5. c3 c5 6. Bb5+ Nc6 7. O-O cxd4 8. Nxd4
Ne7 9. Bg5 Qc7 10. Re1 f6 11. exf6 gxf6 12. Bxf6 Rg8 13. g3 Bg7 14. Bxe7 Bxd4
15. Qxd4 Kxe7 16. Qh4+ Kd6 17. Nd2 a6 18. Bf1 Ne5 19. Qf4 Qg7 20. Qb4+ Kc7 21.
Qf4 Kd6 22. Nf3 Kc5 23. Nxe5 Rad8 24. Qb4# 1-0

[Event "Challenge"]
[Site "http://www.queenalice.com/game.php?id=912296"]
[Date "2011.3.13"]
[Round "-"]
[White "Brisbrain"]
[Black "constantin"]
[Result "1-0"]
[WhiteElo "1677"]
[BlackElo "1686"]

1. c4 d6 2. d4 e6 3. Nc3 a6 4. Nf3 h6 5. e3 Ne7 6. g3 Nd7 7. Bg2 Ng6 8. O-O Nb6
9. b3 Bd7 10. Bb2 Be7 11. c5 Nc8 12. cxd6 Bxd6 13. Ne4 Be7 14. Qc2 Bc6 15. Nc5
Bxc5 16. Qxc5 Qe7 17. Rac1 Qxc5 18. Rxc5 Nb6 19. Ne5 Nxe5 20. Rxe5 Bxg2 21. Kxg2
Nd7 22. Re4 Nf6 23. Rf4 Nd5 24. Re4 O-O-O 25. a3 Rd6 26. Re5 Rb6 27. b4 a5 28.
e4 Nf6 29. f3 axb4 30. Rc5 b3 31. Rfc1 c6 32. a4 Ra6 33. a5 Kd7 34. R1c3 Kd8 35.
Rxb3 Kc7 36. Bc3 Nd7 37. Rc4 Rg8 38. Bd2 h5 39. Rc1 Rb8 40. Rcb1 f6 41. Bf4+ e5
42. dxe5 fxe5 43. Bd2 Nc5 44. R3b2 g6 45. h4 Nd3 46. Rb3 Nc5 47. R3b2 Ne6 48.
Kf2 Nd4 49. Ke3 Nb5 50. f4 exf4+ 51. gxf4 Rd8 52. Rc1 Na3 53. f5 gxf5 54. exf5
Re8+ 55. Kf4 b6 56. axb6+ Rxb6 57. Rxb6 Kxb6 58. Kg5 Re5 59. Bf4 Rd5 60. Kg6 Nb5
61. Bg5 Nd6 62. f6 Rf5 63. Kxh5 Nf7 64. Kg6 Rxg5+ 65. hxg5 Ne5+ 66. Kf5 Nf7 67.
g6 Nh6+ 68. Ke6 Kc7 69. f7 Nxf7 70. gxf7 1-0

[Event "wolf is hungry"]
[Site "http://www.queenalice.com/game.php?id=918981"]
[Date "2011.3.29"]
[Round "-"]
[White "canadianwolf"]
[Black "Brisbrain"]
[Result "1-0"]
[WhiteElo "1743"]
[BlackElo "1697"]

1. e4 c5 2. c3 e5 3. Qh5 d6 4. Bc4 g6 5. Qf3 Nf6 6. h3 Bg7 7. d3 O-O 8. g4 Nc6
9. Bd5 Qb6 10. b3 Ne7 11. Na3 Nfxd5 12. exd5 Bd7 13. Ne2 Qc7 14. Rb1 b6 15. Bb2
Qb7 16. c4 b5 17. Bc1 b4 18. Nc2 Qa6 19. a4 Qb7 20. Qg2 h6 21. d4 exd4 22. Ng3
f5 23. g5 hxg5 24. Bxg5 Bf6 25. Bf4 Be5 26. Bxe5 dxe5 27. Kd2 Kg7 28. Rbg1 e4
29. Nh5+ Kf7 30. Nf4 Qb8 31. Nxg6 Nxg6 32. Qxg6+ Ke7 33. Qh7+ Kd6 34. Rg6+ Kc7
35. Rc6+ Kd8 36. Qh4+ Ke8 37. Qh5+ Ke7 38. Qg5+ Ke8 39. Rg6 Qd6 40. Rxd6 1-0

[Event "Let's Play Chess!"]
[Site "http://www.queenalice.com/game.php?id=938210"]
[Date "2011.5.15"]
[Round "-"]
[White "Brisbrain"]
[Black "Esvir"]
[Result "0-1"]
[WhiteElo "1698"]
[BlackElo "1907"]

1. c4 e5 2. Nc3 Nf6 3. e4 Nc6 4. d3 h6 5. Nf3 Bb4 6. Bd2 O-O 7. a3 Bc5 8. Be2
Ng4 9. O-O Nxf2 10. Rxf2 Bxf2+ 11. Kxf2 Nd4 12. Nxe5 Qf6+ 13. Nf3 Nxf3 14. gxf3
Qh4+ 15. Kg2 d6 16. Kh1 Bd7 17. Qe1 Qf6 18. Qg3 Rae8 19. Rb1 a6 20. Nd5 Qg6 21.
Qxg6 fxg6 22. Nxc7 Rc8 23. Nd5 Rf7 24. Rg1 g5 25. Bc3 b5 26. cxb5 Bxb5 27. Nb6
Rc6 28. Nd5 a5 29. Bd1 Bxd3 30. Bxa5 Kh7 31. Bc3 Rc8 32. Rg2 Kg6 33. Bc2 Bb5 34.
Bb3 Rcf8 35. a4 Bf1 36. Rg1 Rxf3 37. Ne7+ Kh7 38. Bg8+ Kh8 39. Bd5 Re8 40. Ng6+
Kh7 41. Nh4 Rf2 42. Bd4 Rff8 43. Nf5 Be2 44. Bxg7 Bf3+ 45. Rg2 Bxg2+ 46. Kxg2
Rxf5 47. exf5 Kxg7 48. Be6 Rb8 49. b3 Kf6 50. Kf3 Ke5 51. Kg4 Rb4+ 52. Kh5 d5
53. Kxh6 Rxb3 54. Kxg5 Ra3 55. Bd7 d4 56. h4 Rg3+ 57. Kh6 d3 58. Bb5 d2 59. Be2
Kxf5 60. a5 Ra3 61. a6 Kf4 62. Kg6 Ke3 63. Bd1 Rxa6+ 64. Kg7 Ra1 65. Bg4 Rg1 0-1

[Event "Challenge"]
[Site "http://www.queenalice.com/game.php?id=956910"]
[Date "2011.7.4"]
[Round "-"]
[White "constantin"]
[Black "Brisbrain"]
[Result "0-1"]
[WhiteElo "1690"]
[BlackElo "1689"]

1. e4 c5 2. Bc4 e6 3. Nf3 d5 4. exd5 exd5 5. Bb3 Nf6 6. h3 Bd7 7. d3 b5 8. a3
Nc6 9. c3 c4 10. Ba2 Bd6 11. d4 O-O 12. Bg5 Re8+ 13. Be3 Bf4 14. Qc1 Qe7 15. O-O
Bxe3 16. fxe3 Qxe3+ 17. Qxe3 Rxe3 18. Nbd2 Bf5 19. Bb1 Bxb1 20. Raxb1 Rae8 21.
Nh4 Ne4 22. Nxe4 R8xe4 23. Nf5 Rd3 24. Nd6 Re2 25. Nxb5 Rdd2 26. Kh2 Rxg2+ 27.
Kh1 Rh2+ 0-1

[Event "Let's Play Chess!"]
[Site "http://www.queenalice.com/game.php?id=967903"]
[Date "2011.8.2"]
[Round "-"]
[White "plot24"]
[Black "Brisbrain"]
[Result "0-1"]
[WhiteElo "1829"]
[BlackElo "1708"]

1. e4 c5 2. Nf3 d6 3. b4 cxb4 4. a3 bxa3 5. Nxa3 e5 6. Bb2 Nc6 7. Bb5 a6 8. Ba4
Nf6 9. d3 b5 10. Nxb5 axb5 11. Bxb5 Bb7 12. Rxa8 Qxa8 13. O-O Be7 14. Re1 O-O
15. c3 Qa5 16. Ba4 Ra8 17. Bb3 Qb6 0-1

[Event "Challenge"]
[Site "http://www.queenalice.com/game.php?id=968460"]
[Date "2011.8.3"]
[Round "-"]
[White "Brisbrain"]
[Black "constantin"]
[Result "0-1"]
[WhiteElo "1731"]
[BlackElo "1771"]

1. c4 e5 2. Nc3 Bc5 3. e4 c6 4. Nf3 d6 5. Be2 h6 6. d3 Qf6 7. O-O Be6 8. a3 Nd7
9. Qb3 Bb6 10. Na4 Ne7 11. Nxb6 Nxb6 12. Be3 Nec8 13. Qb4 c5 14. Qb3 Ne7 15.
Qb5+ Bd7 16. Qb3 Ba4 17. Qc3 Qg6 18. Nh4 Qh7 19. Bg4 Bd7 20. Bxd7+ Nxd7 21. Qb3
b6 22. Qb5 a6 23. Qa4 g5 24. Nf3 g4 25. Nd2 Qg7 26. g3 h5 27. Kg2 h4 28. gxh4
Rxh4 29. Qd1 Qh7 30. Rh1 f6 31. Nf1 Ng6 32. Ng3 O-O-O 33. f3 Rh8 34. Bg1 Nf4+
35. Kf2 gxf3 36. Qxf3 Ne6 37. Ke1 Rf4 38. Qe3 Ng5 39. Nf5 Rf3 40. Qe2 Nf8 41.
Nxd6+ Kc7 42. Nf5 Ng6 43. Kd2 Nf4 44. Qd1 Rxd3+ 0-1

[Event "Let's Play Chess!"]
[Site "http://www.queenalice.com/game.php?id=980695"]
[Date "2011.9.3"]
[Round "-"]
[White "Brisbrain"]
[Black "feliz70"]
[Result "0-1"]
[WhiteElo "1731"]
[BlackElo "2418"]

1. c4 Nf6 2. Nc3 c5 3. e4 Nc6 4. d3 h6 5. Nf3 e6 6. Be2 d5 7. cxd5 exd5 8. exd5
Nxd5 9. O-O Nxc3 10. bxc3 Bd6 11. Bb2 O-O 12. Re1 Re8 13. c4 Bf5 14. d4 Qb6 15.
Qb3 cxd4 16. Qxb6 axb6 17. Nxd4 Nxd4 18. Bxd4 Bb4 19. Red1 Rxe2 20. Bxb6 Bc3 21.
Rac1 Bd2 22. Ra1 Bc2 23. Rf1 Bc3 24. Rac1 Rxa2 25. h3 Re4 26. f3 Rxc4 27. Rf2
Be5 28. Re2 Bd3 29. Rxc4 Rxe2 30. Rc8+ Kh7 31. Re8 Bd4+ 0-1

[Event "Challenge"]
[Site "http://www.queenalice.com/game.php?id=986890"]
[Date "2011.9.18"]
[Round "-"]
[White "constantin"]
[Black "Brisbrain"]
[Result "1-0"]
[WhiteElo "1776"]
[BlackElo "1716"]

1. e4 e6 2. f4 d6 3. Nf3 Nc6 4. Bb5 Bd7 5. Bxc6 Bxc6 6. O-O Bxe4 7. Re1 Bc6 8.
d4 f5 9. d5 Bxd5 10. Qxd5 Ne7 11. Qxb7 Qb8 12. Qxb8+ Rxb8 13. Rxe6 g6 14. b3 Bg7
15. c3 Kd7 16. Re2 Nd5 17. Rc2 Nb4 18. Rd2 Nd5 19. Rxd5 Rhe8 20. Bd2 Re4 21. Na3
a6 22. Ng5 Kc6 23. Rd3 Rbe8 24. Nxe4 1-0